Fyziologická úloha povrchovo viazaného Ca2+ vo vláknitých hubách.

Saved in:
Bibliographic Details
Main Author: Kontár, Szilvia (Author)
Other Authors: Šimkovič, Martin (Thesis advisor)
Format: Manuscript Book
Language:Slovak
Published: 2016
Subjects:
Online Access:http://is.stuba.sk/zp/portal_zp.pl?podrobnosti=131774
Tags: Add Tag
No Tags, Be the first to tag this record!

MARC

LEADER 00000ntm a22000003a 4500
001 stuzp58603
003 SK-STU
005 20160719155622.2
007 ta
008 150427s2015----xo-----f-mn---000-0-slo-d
040 |a STU  |b slo 
041 0 |a slo 
100 1 |a Kontár, Szilvia  |u 043000  |4 aut  |U FCHPT Fakulta chemickej a potravinárskej technológie  |T FCHPT Ústav biochémie a mikrobiológie  |X 43477  |U C3000  |Y 101  |7 43477 
242 0 1 |a The Physiological Role of Surface Bound Ca2+ in Filamentous Fungi  |y eng 
245 1 0 |a Fyziologická úloha povrchovo viazaného Ca2+ vo vláknitých hubách. 
260 |c 2016 
650 4 |a Trichoderma spp  |2 slo 
650 4 |a Ca2+  |2 slo 
650 4 |a bunková stena  |2 slo 
650 4 |a mycélium  |2 slo 
650 4 |a konídie  |2 slo 
650 4 |a Trichoderma spp  |2 eng 
650 4 |a Ca2+  |2 eng 
650 4 |a cell wall  |2 eng 
650 4 |a mycelium  |2 eng 
650 4 |a conidia  |2 eng 
700 1 |a Šimkovič, Martin  |u 043000  |k Z1  |4 ths  |U FCHPT Fakulta chemickej a potravinárskej technológie  |T FCHPT Ústav biochémie a mikrobiológie  |X 3961  |U C3000  |Y 101  |7 A000003961 
856 4 |u http://is.stuba.sk/zp/portal_zp.pl?podrobnosti=131774 
SQL |a stuzp58603  |b DDP  |c SLO  |d Fyziologická úloha povrchovo viazaného Ca2+ vo vláknitých hubách.  |e 43477  |f Kontár, Szilvia  |g 043000  |h 3961  |i Šimkovič, Martin  |j 20160606  |k 1392  |l 04  |m http://is.stuba.sk/zp/portal_zp.pl?podrobnosti=131774  |n I-BBT  |o 5.2.25. biotechnológie, 4.1.14. chémia